Séries Netflix par image n°2 - Statistiques

Statistiques générales
  • Ce quiz a été pris 10 644 fois
  • Le résultat moyen est 7 sur 16
Statistiques - réponses
Par images Réponse % Correct
Lupin
97%
Emily in Paris
92%
Outerbanks
89%
Ginny & Georgia
68%
Mes premières fois
67%
Monstre/ Jeffrey Dahmer
59%
Cobra Kai
53%
Vikings
51%
All Of Us Are Dead
21%
Young Royals
20%
Outlander
16%
Dix pour cent
11%
Fate
10%
L'Impératrice
9%
Cyberpunk
8%
Ozark
5%
Aucun quiz correspondant
Distribution des résultats
% des personnes avec chaque résultat
Percentile par nombre de réponses
Votre historique - résultats
Vous n’avez pas pris ce quiz